Questions #1 - Statistics

General Stats
  • This quiz has been taken 38 times
  • The average score is 2 of 9
Answer Stats
Hint Answer % Correct
What is the capital Of Brazil? Brasilia
82%
Which Ocean Is Largest in The World? Pacific Ocean
55%
How Many Continents Are There? 6
48%
How Many Oceans Are There? 4
39%
Which Continent Is Known As Land Down Under? Antartica
3%
Where Is The Burj Khalifa? Dubai,UAE
3%
Who Was The King Of Nejd And Hasa? Abdulaziz Ibn Saud
0%
What Was the Mother Of Ibrahim (AS)? Amathlai
0%
When Did The Russian Empire Collapse? March 15,1917
0%
No matching quizzes found
Score Distribution
Percent of People with Each Score
Percentile by Number Answered
Your Score History
You have not taken this quiz